[Event "5. Open Memorial Pedro Lezcano 2012"]
[Site "Gran Canaria ESP"]
[Date "2012.04.07"]
[Round "8.18"]
[White "Marrero Cardenes, Agustin"]
[Black "Illijin, Neboisa"]
[Result "0-1"]
[WhiteElo "1895"]
[BlackElo "2191"]
[PlyCount "48"]
[EventDate "2012.04.02"]
[EventType "swiss"]
[EventRounds "9"]
[EventCountry "ESP"]
[Source "lmi"]
[SourceDate "2012.04.02"]

1. d4 Nf6 2. c4 e6 3. Nf3 d5 4. Nc3 c5 5. e3 Nc6 6. b3 cxd4 7. exd4 Bb4 8. Bd2
dxc4 9. bxc4 O-O 10. Qb3 Ba5 11. Qa4 Bd7 12. Qb3 Be8 13. Be3 Ne4 14. Rc1 Nxc3
15. Rxc3 Qb6 16. Nd2 Bxc3 17. Qxc3 Qb4 18. Qc2 f5 19. g3 Rd8 20. d5 exd5 21.
cxd5 Nd4 22. Bxd4 Qxd4 23. Bd3 Ba4 24. Qb1 Rxd5 0-1

[Event "5. Open Memorial Pedro Lezcano 2012"]
[Site "Gran Canaria ESP"]
[Date "2012.04.07"]
[Round "8.19"]
[White "Mayor Gonzalez, Julio"]
[Black "Molina Rodriguez, Borja"]
[Result "0-1"]
[WhiteElo "1943"]
[BlackElo "2141"]
[PlyCount "50"]
[EventDate "2012.04.02"]
[EventType "swiss"]
[EventRounds "9"]
[EventCountry "ESP"]
[Source "lmi"]
[SourceDate "2012.04.02"]

1. d4 Nf6 2. Nf3 e6 3. e3 c5 4. c3 b6 5. Bd3 Bb7 6. O-O Be7 7. Re1 d5 8. Ne5
O-O 9. f4 Ne4 10. Nd2 f6 11. Nef3 Nd7 12. Rf1 Qc7 13. Qc2 f5 14. Ne5 a5 15. b3
Nxe5 16. fxe5 cxd4 17. Nxe4 fxe4 18. cxd4 Rxf1+ 19. Kxf1 Rf8+ 20. Kg1 Qxc2 21.
Bxc2 Bb4 22. g3 Ba6 23. Rb1 Rf1+ 24. Kg2 Re1 25. Kh3 Bd3 0-1

[Event "5. Open Memorial Pedro Lezcano 2012"]
[Site "Gran Canaria ESP"]
[Date "2012.04.07"]
[Round "8.20"]
[White "Acosta Sosa, Juan Manuel"]
[Black "Guerra Arrocha, Daniel"]
[Result "1-0"]
[WhiteElo "2141"]
[BlackElo "1771"]
[PlyCount "47"]
[EventDate "2012.04.02"]
[EventType "swiss"]
[EventRounds "9"]
[EventCountry "ESP"]
[Source "lmi"]
[SourceDate "2012.04.02"]

1. c4 f5 2. g3 Nf6 3. Bg2 e6 4. Nc3 d5 5. d4 c6 6. cxd5 exd5 7. Nh3 Bd6 8. O-O
O-O 9. Bf4 Ne4 10. f3 Nxc3 11. bxc3 Bxf4 12. Nxf4 g5 13. Nd3 Nd7 14. Qb3 Nb6
15. Ne5 Re8 16. e4 fxe4 17. fxe4 Be6 18. Qd1 dxe4 19. Bxe4 Qe7 20. Qh5 Qg7 21.
Rf6 Bg4 22. Bxh7+ Kh8 23. Ng6+ Qxg6 24. Qxg6 1-0

[Event "5. Open Memorial Pedro Lezcano 2012"]
[Site "Gran Canaria ESP"]
[Date "2012.04.07"]
[Round "8.22"]
[White "Capote Robayna, Nathaniel"]
[Black "Ramirez Medina, Victor"]
[Result "1-0"]
[WhiteElo "2054"]
[BlackElo "1863"]
[PlyCount "51"]
[EventDate "2012.04.02"]
[EventType "swiss"]
[EventRounds "9"]
[EventCountry "ESP"]
[Source "lmi"]
[SourceDate "2012.04.02"]

1. e4 c5 2. Nf3 d6 3. d4 cxd4 4. Nxd4 Nf6 5. Nc3 a6 6. Bg5 e6 7. Qd2 Be7 8.
O-O-O Qc7 9. Be2 Nbd7 10. f4 O-O 11. Bf3 Nb6 12. Rhe1 Rd8 13. Qe2 e5 14. Nf5
exf4 15. Bxf4 Nc4 16. Nxe7+ Kf8 17. Ned5 Nxd5 18. Nxd5 Qc5 19. Be3 Nxe3 20.
Qxe3 Qc6 21. Nb6 Rb8 22. e5 Qb5 23. Qb3 Qc5 24. Na4 Qc7 25. exd6 Rxd6 26. Qa3
1-0

[Event "5. Open Memorial Pedro Lezcano 2012"]
[Site "Gran Canaria ESP"]
[Date "2012.04.07"]
[Round "8.23"]
[White "Rodriguez Manzaneda, Irene"]
[Black "Nortes Hernandez, Pedro"]
[Result "0-1"]
[WhiteElo "1686"]
[BlackElo "2048"]
[PlyCount "124"]
[EventDate "2012.04.02"]
[EventType "swiss"]
[EventRounds "9"]
[EventCountry "ESP"]
[Source "lmi"]
[SourceDate "2012.04.02"]

1. e4 c5 2. d3 Nc6 3. g3 d5 4. Nd2 Nf6 5. Ngf3 Bg4 6. Bg2 dxe4 7. dxe4 Qd7 8.
c3 Rd8 9. Qe2 Bh3 10. O-O Bxg2 11. Kxg2 e6 12. Nc4 b5 13. Nce5 Nxe5 14. Nxe5
Qb7 15. Re1 Bd6 16. Nf3 Be7 17. Bg5 O-O 18. e5 Nd5 19. Kg1 h6 20. Bxe7 Nxe7 21.
Nd2 Ng6 22. Rad1 Rd5 23. Nf3 Rfd8 24. h4 Qd7 25. Rxd5 Qxd5 26. a3 a6 27. Qe4
Ne7 28. Qxd5 Rxd5 29. Kf1 Nc6 30. Re3 Na5 31. Ke1 Nc4 32. Re2 Rd3 33. Nh2 h5
34. Nf1 Kf8 35. f4 Ke7 36. Kf2 g6 37. Ne3 Kd7 38. Nxc4 bxc4 39. Re3 Rd5 40. Ke2
Kc6 41. a4 Kb6 42. Re4 Rd3 43. Kf2 Rd2+ 44. Ke3 Rxb2 45. Rxc4 Kc6 46. Ke4 Re2+
47. Kf3 Re1 48. Re4 Rc1 49. Re3 c4 50. Ke4 Kc5 51. a5 Rc2 52. Rf3 Re2+ 53. Re3
Ra2 54. Re1 Rxa5 55. Rd1 Ra3 56. Rc1 a5 57. Ke3 a4 58. Kd2 Ra2+ 59. Rc2 Rxc2+
60. Kxc2 Kd5 61. Kb2 Ke4 62. Ka3 Kd3 0-1

[Event "5. Open Memorial Pedro Lezcano 2012"]
[Site "Gran Canaria ESP"]
[Date "2012.04.07"]
[Round "8.25"]
[White "Diaz Suarez, Cayetano"]
[Black "Sanchez Quintero, Raul"]
[Result "1/2-1/2"]
[WhiteElo "1827"]
[BlackElo "2084"]
[PlyCount "32"]
[EventDate "2012.04.02"]
[EventType "swiss"]
[EventRounds "9"]
[EventCountry "ESP"]
[Source "lmi"]
[SourceDate "2012.04.02"]

1. d4 d5 2. c4 e6 3. Nc3 Nf6 4. Bg5 Be7 5. Nf3 h6 6. Bh4 Nbd7 7. e3 O-O 8. Be2
c6 9. O-O Re8 10. Rc1 dxc4 11. Bxc4 Nd5 12. Bxe7 Qxe7 13. Re1 Nxc3 14. Rxc3 e5
15. dxe5 Nxe5 16. Nxe5 Qxe5 1/2-1/2

[Event "5. Open Memorial Pedro Lezcano 2012"]
[Site "Gran Canaria ESP"]
[Date "2012.04.07"]
[Round "8.27"]
[White "Capote Robayna, Johanna"]
[Black "De La Hoz Sanchez, Ruben"]
[Result "1/2-1/2"]
[WhiteElo "1809"]
[BlackElo "1961"]
[PlyCount "51"]
[EventDate "2012.04.02"]
[EventType "swiss"]
[EventRounds "9"]
[EventCountry "ESP"]
[Source "lmi"]
[SourceDate "2012.04.02"]

1. e4 Nf6 2. e5 Nd5 3. d4 d6 4. c4 Nb6 5. f4 Bf5 6. Nc3 dxe5 7. fxe5 e6 8. Be3
Nc6 9. Nf3 Be7 10. d5 exd5 11. cxd5 Nb4 12. Nd4 Bg6 13. Bb5+ Kf8 14. O-O Kg8
15. Qb3 N4xd5 16. Nxd5 Qxd5 17. Qc3 Qxe5 18. Rae1 Nd5 19. Qb3 Nxe3 20. Bc4 h6
21. Rxe3 Qxd4 22. Bxf7+ Bxf7 23. Qxf7+ Kh7 24. Qf5+ Kg8 25. Qf7+ Kh7 26. Qf5+
1/2-1/2

[Event "5. Open Memorial Pedro Lezcano 2012"]
[Site "Gran Canaria ESP"]
[Date "2012.04.07"]
[Round "8.28"]
[White "Santana Gil, Odama"]
[Black "Perez Barreto, Adrian"]
[Result "0-1"]
[WhiteElo "1663"]
[BlackElo "1956"]
[PlyCount "74"]
[EventDate "2012.04.02"]
[EventType "swiss"]
[EventRounds "9"]
[EventCountry "ESP"]
[Source "lmi"]
[SourceDate "2012.04.02"]

1. e4 c5 2. Nf3 e6 3. d4 cxd4 4. Nxd4 Nc6 5. Nc3 Qc7 6. Be3 a6 7. Be2 Nf6 8.
O-O Be7 9. f4 d6 10. Kh1 O-O 11. Qe1 Nxd4 12. Bxd4 e5 13. Be3 b5 14. Bd3 Bb7
15. a3 Rac8 16. fxe5 dxe5 17. Qg3 Kh8 18. Rf5 g6 19. Bh6 Rg8 20. Rf3 Nh5 21.
Qf2 Bc5 22. Qh4 f5 23. Raf1 f4 24. g3 Be7 25. Qh3 Bf8 26. Bg5 h6 27. g4 hxg5
28. gxh5 gxh5 29. Qxh5+ Qh7 30. Qg4 Re8 31. Rh3 Bh6 32. Rff3 Bc8 33. Rxh6 Qxh6
34. Qg1 g4 35. Rf1 g3 36. Rd1 Bg4 37. Re1 Bf3+ 0-1

[Event "5. Open Memorial Pedro Lezcano 2012"]
[Site "Gran Canaria ESP"]
[Date "2012.04.07"]
[Round "8.29"]
[White "Korneev, Svyatoslav"]
[Black "Sanchez Montesdeoca, Isaac"]
[Result "1-0"]
[WhiteElo "1938"]
[BlackElo "1775"]
[PlyCount "70"]
[EventDate "2012.04.02"]
[EventType "swiss"]
[EventRounds "9"]
[EventCountry "ESP"]
[Source "lmi"]
[SourceDate "2012.04.02"]

1. c4 b6 2. Nf3 Bb7 3. g3 e6 4. Bg2 Nf6 5. b3 d5 6. Bb2 c5 7. d3 Nc6 8. Nbd2
Qc7 9. Bxf6 gxf6 10. cxd5 exd5 11. Bh3 Ne5 12. Nh4 h5 13. Bf5 Bd6 14. Rc1 Qe7
15. O-O Qf8 16. Re1 Qh6 17. f4 Ng6 18. e3 Nxh4 19. gxh4 Rg8+ 20. Kf2 Kf8 21.
Qf3 Rb8 22. Rg1 Ke7 23. Rxg8 Rxg8 24. Nf1 Kd8 25. Ng3 Rh8 26. Bh3 Kc7 27. Bg2
f5 28. b4 Qf6 29. d4 Ba8 30. bxc5 bxc5 31. Qd1 Bc6 32. Qd3 cxd4 33. Bxd5 dxe3+
34. Ke2 Rb8 35. Rxc6+ Kd7 1-0

[Event "5. Open Memorial Pedro Lezcano 2012"]
[Site "Gran Canaria ESP"]
[Date "2012.04.07"]
[Round "8.30"]
[White "Marrero Lopez, Agustin"]
[Black "Cruz Ramirez, Nauzet"]
[Result "0-1"]
[WhiteElo "1867"]
[BlackElo "1710"]
[PlyCount "84"]
[EventDate "2012.04.02"]
[EventType "swiss"]
[EventRounds "9"]
[EventCountry "ESP"]
[Source "lmi"]
[SourceDate "2012.04.02"]

1. e4 c5 2. f4 d5 3. exd5 Qxd5 4. Nc3 Qd8 5. Nf3 Nf6 6. Bb5+ Bd7 7. Be2 Nc6 8.
d3 g6 9. Ne5 Bg7 10. Be3 b6 11. Bf3 Rc8 12. g4 O-O 13. Nxd7 Nxd7 14. Qd2 Nd4
15. Qg2 Nxf3+ 16. Qxf3 e6 17. h4 Nf6 18. O-O-O Nd5 19. Nxd5 Qxd5 20. Qe2 Qxa2
21. Kd2 Qxb2 22. Ke1 c4 23. d4 Qc3+ 24. Kf1 Rfd8 25. Qf2 Rd5 26. Kg2 Rcd8 27.
Rh3 Qb2 28. Bc1 Qb5 29. c3 Qc6 30. Rf3 b5 31. h5 b4 32. hxg6 hxg6 33. Bb2 a5
34. Qh4 R8d7 35. Rh1 Qa4 36. Rf2 Qc6 37. Kg1 a4 38. cxb4 c3 39. Ba3 Qb5 40. Kg2
Rxd4 41. Rhf1 Qd5+ 42. Kg1 Rd2 0-1

[Event "5. Open Memorial Pedro Lezcano 2012"]
[Site "Gran Canaria ESP"]
[Date "2012.04.07"]
[Round "8.31"]
[White "Antonini, Roberto"]
[Black "Aguila Hernandez, Eduardo"]
[Result "0-1"]
[WhiteElo "1584"]
[BlackElo "1864"]
[PlyCount "76"]
[EventDate "2012.04.02"]
[EventType "swiss"]
[EventRounds "9"]
[EventCountry "ESP"]
[Source "lmi"]
[SourceDate "2012.04.02"]

1. e4 c5 2. f4 e6 3. Nf3 d5 4. e5 Be7 5. g3 Nh6 6. c3 d4 7. d3 Nc6 8. Bg2 O-O
9. O-O f6 10. exf6 Bxf6 11. Re1 Nf7 12. Qc2 e5 13. fxe5 Nfxe5 14. Nxe5 Nxe5 15.
Bf4 Ng6 16. Bc1 Rb8 17. Nd2 Bf5 18. Ne4 Bxe4 19. Bxe4 Ne5 20. Qe2 Qd7 21. Bf4
Rbe8 22. Bxe5 Rxe5 23. c4 Ree8 24. Kg2 Bg5 25. Rf1 Be3 26. Qh5 g6 27. Qd5+ Qxd5
28. Bxd5+ Kg7 29. Bxb7 Rxf1 30. Rxf1 Rb8 31. Bd5 Rxb2+ 32. Kh3 Rxa2 33. Rf7+
Kh6 34. g4 Bg1 35. Bg2 Rd2 36. Be4 Bxh2 37. Rxa7 Bb8 38. g5+ Kxg5 0-1

[Event "5. Open Memorial Pedro Lezcano 2012"]
[Site "Gran Canaria ESP"]
[Date "2012.04.07"]
[Round "8.32"]
[White "Cruz Pino, Adrian"]
[Black "Bordon Sanchez, Jose Domingo"]
[Result "1-0"]
[WhiteElo "2011"]
[BlackElo "1448"]
[PlyCount "98"]
[EventDate "2012.04.02"]
[EventType "swiss"]
[EventRounds "9"]
[EventCountry "ESP"]
[Source "lmi"]
[SourceDate "2012.04.02"]

1. e4 e5 2. Nf3 Nc6 3. Bb5 Be7 4. O-O Nf6 5. Nc3 O-O 6. Bxc6 bxc6 7. Nxe5 Bb7
8. d3 Rb8 9. f4 d5 10. Qe2 dxe4 11. dxe4 Qd6 12. Nd3 Nd7 13. e5 Qd4+ 14. Be3
Qc4 15. Bxa7 Ra8 16. Be3 f5 17. h3 Qe6 18. Qf2 Qg6 19. Nc5 Bc8 20. Nxd7 Bxd7
21. Bc5 Rfe8 22. Bxe7 Rxe7 23. Qc5 Re6 24. a4 Qh5 25. a5 Rg6 26. Kh2 Rd8 27.
Qe7 Rxg2+ 28. Kxg2 Rf8 29. Qxd7 g5 30. Qe7 g4 31. Qg5+ Kh8 32. Qxh5 gxh3+ 33.
Kf3 h2 34. a6 Rg8 35. a7 Rg4 36. Qxg4 fxg4+ 37. Kg3 c5 38. f5 h5 39. f6 h1=N+
40. Kh4 Kh7 41. f7 Kh6 42. f8=B+ Kg6 43. a8=B c6 44. Nb5 cxb5 45. c4 bxc4 46.
b3 cxb3 47. Ra2 Kh7 48. Ra7+ Kg8 49. Bd5+ Kh8 1-0

[Event "5. Open Memorial Pedro Lezcano 2012"]
[Site "Gran Canaria ESP"]
[Date "2012.04.07"]
[Round "8.33"]
[White "Guerrero Romero, Antonio"]
[Black "Quiza Vazquez, Carolina"]
[Result "0-1"]
[WhiteElo "1933"]
[BlackElo "1612"]
[PlyCount "86"]
[EventDate "2012.04.02"]
[EventType "swiss"]
[EventRounds "9"]
[EventCountry "ESP"]
[Source "lmi"]
[SourceDate "2012.04.02"]

1. d4 Nf6 2. c4 e6 3. Nf3 d5 4. g3 c6 5. Bg2 Bd6 6. O-O O-O 7. b3 Nbd7 8. Qc2
Re8 9. Bb2 h6 10. Rd1 Qe7 11. e3 Rb8 12. a4 a6 13. a5 dxc4 14. bxc4 c5 15. Nc3
b6 16. e4 cxd4 17. Nxd4 Bb7 18. axb6 Nxb6 19. Na4 Nxa4 20. Rxa4 Rec8 21. Re1
Nd7 22. Bf1 Nc5 23. Ra2 Qc7 24. Ba1 Nd7 25. Nf3 Ne5 26. Nxe5 Bxe5 27. Bc3 Bxc3
28. Qxc3 Rd8 29. Qe3 Qc6 30. f3 f5 31. exf5 exf5 32. Qe6+ Qxe6 33. Rxe6 Bxf3
34. Rexa6 Rbc8 35. Kf2 Be4 36. Ra7 Kf8 37. Ke3 Rd1 38. Rf2 g5 39. h4 Rcd8 40.
hxg5 hxg5 41. Rh7 Re1+ 42. Re2 Rxf1 43. Rh5 Rd3# 0-1

[Event "5. Open Memorial Pedro Lezcano 2012"]
[Site "Gran Canaria ESP"]
[Date "2012.04.07"]
[Round "8.34"]
[White "Martinez Rubio, Felipe"]
[Black "Roque Hernandez, Francisco"]
[Result "1-0"]
[WhiteElo "1853"]
[BlackElo "1587"]
[PlyCount "71"]
[EventDate "2012.04.02"]
[EventType "swiss"]
[EventRounds "9"]
[EventCountry "ESP"]
[Source "lmi"]
[SourceDate "2012.04.02"]

1. d4 d5 2. Nf3 Nc6 3. Bf4 e6 4. e3 Nf6 5. c3 Bd6 6. Ne5 O-O 7. Nd2 a6 8. Bd3
Ne7 9. g4 Ng6 10. Bg3 Nd7 11. f4 Ngxe5 12. fxe5 Be7 13. h4 f6 14. exf6 Nxf6 15.
g5 Ne8 16. Be5 Bd6 17. Qh5 g6 18. Bxg6 Qd7 19. Bxe8 Qxe8 20. Qxe8 Rxe8 21. Nf3
Rf8 22. Rf1 Bd7 23. O-O-O Rf7 24. Bxd6 cxd6 25. Nh2 Raf8 26. Rxf7 Rxf7 27. Rf1
Rxf1+ 28. Nxf1 Kf7 29. Kd2 e5 30. Ng3 Bg4 31. Ke1 b5 32. Kf2 Kg6 33. e4 dxe4
34. Nxe4 d5 35. Nf6 e4 36. Nxg4 1-0

[Event "5. Open Memorial Pedro Lezcano 2012"]
[Site "Gran Canaria ESP"]
[Date "2012.04.07"]
[Round "8.35"]
[White "Manchon Santana, Alberto"]
[Black "Kleine, Peter"]
[Result "0-1"]
[WhiteElo "1475"]
[BlackElo "1833"]
[PlyCount "103"]
[EventDate "2012.04.02"]
[EventType "swiss"]
[EventRounds "9"]
[EventCountry "ESP"]
[Source "lmi"]
[SourceDate "2012.04.02"]

1. d4 f5 2. Nf3 g6 3. c4 Bg7 4. Nc3 d6 5. Bf4 Nh6 6. Qc2 O-O 7. Rd1 Nf7 8. e3
c6 9. Be2 Qc7 10. c5 Nd7 11. O-O Qa5 12. cxd6 Nxd6 13. Qb3+ Kh8 14. Ng5 e5 15.
dxe5 Bxe5 16. Bxe5+ Qxe5 17. Rxd6 Qxd6 18. Nf7+ Rxf7 19. Qxf7 Qf8 20. Qc4 Qg8
21. Rd1 Qxc4 22. Bxc4 b5 23. Be6 Nb6 24. Rd8+ Kg7 25. Bxc8 Rxc8 26. Rxc8 Nxc8
27. Ne2 c5 28. Nc3 Nd6 29. a4 b4 30. Nb5 Nxb5 31. axb5 Kf6 32. Kf1 Ke6 33. Ke2
c4 34. f3 Kd5 35. h3 Kc5 36. e4 fxe4 37. fxe4 Kd4 38. e5 Kxe5 39. Ke3 Kd5 40.
g4 g5 41. b3 cxb3 42. Kd3 Kc5 43. Kd2 Kxb5 44. Kc1 a5 45. Kb1 Kc4 46. Kb2 a4
47. Kb1 a3 48. Ka1 Kc3 49. h4 gxh4 50. g5 h3 51. g6 hxg6 52. Kb1 0-1

[Event "5. Open Memorial Pedro Lezcano 2012"]
[Site "Gran Canaria ESP"]
[Date "2012.04.07"]
[Round "8.36"]
[White "Salazar De La Cruz, Jose Maria"]
[Black "Falcon Diaz, Francisco Samuel"]
[Result "1-0"]
[WhiteElo "1769"]
[BlackElo "1600"]
[PlyCount "41"]
[EventDate "2012.04.02"]
[EventType "swiss"]
[EventRounds "9"]
[EventCountry "ESP"]
[Source "lmi"]
[SourceDate "2012.04.02"]

1. Nf3 Nf6 2. d4 d5 3. b3 g6 4. Bb2 Bg7 5. e3 O-O 6. Bd3 Re8 7. O-O Bg4 8. Nbd2
Nbd7 9. h3 Bxf3 10. Nxf3 a6 11. c4 c6 12. Rc1 e6 13. Rc2 dxc4 14. bxc4 c5 15.
Qa1 Qb6 16. Bc3 Qc6 17. Rd1 Ne4 18. d5 exd5 19. cxd5 Bxc3 20. dxc6 Bxa1 21.
cxd7 1-0

[Event "5. Open Memorial Pedro Lezcano 2012"]
[Site "Gran Canaria ESP"]
[Date "2012.04.07"]
[Round "8.37"]
[White "Morales Sanchez, Domingo"]
[Black "Guerrero Ruiz, Jose Luis"]
[Result "0-1"]
[WhiteElo "1555"]
[BlackElo "1744"]
[PlyCount "110"]
[EventDate "2012.04.02"]
[EventType "swiss"]
[EventRounds "9"]
[EventCountry "ESP"]
[Source "lmi"]
[SourceDate "2012.04.02"]

1. c4 Nf6 2. d4 e6 3. Nc3 d5 4. cxd5 exd5 5. g3 c6 6. Bg2 Bd6 7. Nf3 Bg4 8. O-O
Na6 9. Bg5 h6 10. Bd2 Nc7 11. Re1 O-O 12. a3 Qd7 13. Ne5 Bxe5 14. dxe5 Nfe8 15.
Na2 Ne6 16. f3 Bf5 17. e3 f6 18. Bc3 Nc5 19. Bb4 Nd3 20. Re2 Nxb4 21. axb4 fxe5
22. e4 Be6 23. exd5 Qxd5 24. Nc3 Qxd1+ 25. Rxd1 Nc7 26. Rxe5 Rfe8 27. f4 Kf8
28. Bf3 Rad8 29. Ree1 Bc4 30. Rxe8+ Kxe8 31. Bh5+ Ke7 32. Re1+ Kf8 33. Rc1 Bb3
34. Bd1 Bxd1 35. Nxd1 Rd4 36. Ra1 a6 37. Ne3 Rxb4 38. Rb1 Kf7 39. Kf2 Nd5 40.
Nxd5 cxd5 41. Ke3 Ke6 42. b3 a5 43. Kd3 a4 44. Kc3 Rxb3+ 45. Rxb3 axb3 46. Kxb3
Kf5 47. Kc3 Ke4 48. h3 d4+ 49. Kd2 h5 50. g4 hxg4 51. hxg4 Kxf4 52. Kd3 Ke5 53.
g5 g6 54. Ke2 Ke4 55. Kd2 d3 0-1

[Event "5. Open Memorial Pedro Lezcano 2012"]
[Site "Gran Canaria ESP"]
[Date "2012.04.07"]
[Round "8.38"]
[White "Engelbrecht, Kevin P"]
[Black "Diaz Martin, Cristina"]
[Result "1-0"]
[WhiteElo "1740"]
[BlackElo "1407"]
[PlyCount "71"]
[EventDate "2012.04.02"]
[EventType "swiss"]
[EventRounds "9"]
[EventCountry "ESP"]
[Source "lmi"]
[SourceDate "2012.04.02"]

1. e4 e5 2. Nf3 Nc6 3. Nc3 Nf6 4. d4 exd4 5. Nxd4 Bb4 6. Nxc6 bxc6 7. Bd3 O-O
8. O-O d5 9. exd5 cxd5 10. Bg5 c6 11. Ne2 Bg4 12. c3 Be7 13. Qc2 h6 14. Bh4 Ne4
15. Bxe7 Qxe7 16. f3 Bh5 17. fxe4 dxe4 18. Bxe4 Bxe2 19. Qxe2 Rae8 20. Rae1 Kh8
21. Bf3 Qc5+ 22. Qf2 Qxf2+ 23. Kxf2 c5 24. Rxe8 Rxe8 25. Re1 Rxe1 26. Kxe1 g5
27. g4 Kg7 28. Be4 Kf6 29. Bf5 Ke5 30. Ke2 c4 31. Ke3 Kd5 32. Bh7 f6 33. Bg8+
Ke5 34. Bxc4 f5 35. gxf5 Kxf5 36. h3 1-0

[Event "5. Open Memorial Pedro Lezcano 2012"]
[Site "Gran Canaria ESP"]
[Date "2012.04.07"]
[Round "8.39"]
[White "Guerrero Orihuela, Jose Luis"]
[Black "Perez Castellano, Yaiza"]
[Result "1-0"]
[WhiteElo "1463"]
[BlackElo "1642"]
[PlyCount "59"]
[EventDate "2012.04.02"]
[EventType "swiss"]
[EventRounds "9"]
[EventCountry "ESP"]
[Source "lmi"]
[SourceDate "2012.04.02"]

1. d4 d5 2. c4 Nf6 3. cxd5 Nxd5 4. e4 Nf6 5. Nc3 e6 6. Bd3 Nc6 7. Be3 Be7 8. f4
O-O 9. Nf3 Ng4 10. Qd2 a6 11. O-O Qd7 12. a3 Rd8 13. Ne2 e5 14. d5 exf4 15.
Nxf4 Nce5 16. Nxe5 Nxe5 17. Be2 Bf6 18. Nh5 Be7 19. Bd4 f6 20. Qf4 Bd6 21. Qg3
Ng6 22. Qc3 Be5 23. Bxe5 fxe5 24. Rac1 c6 25. dxc6 bxc6 26. Qxc6 Qxc6 27. Rxc6
Rd2 28. Bc4+ Kh8 29. Rc7 Rxb2 30. Rxg7 1-0

[Event "5. Open Memorial Pedro Lezcano 2012"]
[Site "Gran Canaria ESP"]
[Date "2012.04.07"]
[Round "8.40"]
[White "Guedes Lopez, Mario"]
[Black "Sanchez Ramirez, Gustavo"]
[Result "1-0"]
[WhiteElo "1476"]
[BlackElo "1641"]
[PlyCount "179"]
[EventDate "2012.04.02"]
[EventType "swiss"]
[EventRounds "9"]
[EventCountry "ESP"]
[Source "lmi"]
[SourceDate "2012.04.02"]

1. b3 Nc6 2. Bb2 e5 3. e3 d5 4. Bb5 Bd6 5. Nf3 f6 6. Nc3 Nge7 7. Bxc6+ bxc6 8.
d3 Ba6 9. O-O O-O 10. e4 d4 11. Ne2 c5 12. Nd2 Rb8 13. Bc1 f5 14. f4 exf4 15.
Nxf4 fxe4 16. Nxe4 Qd7 17. Nxd6 cxd6 18. Bd2 d5 19. Qe2 Nf5 20. Qe6+ Qxe6 21.
Nxe6 Rfe8 22. Nc7 Bxd3 23. cxd3 Ne3 24. Nxe8 Nxf1 25. Rxf1 Rxe8 26. Re1 Rc8 27.
Re7 c4 28. dxc4 dxc4 29. bxc4 Rxc4 30. Rxa7 Rc2 31. Be1 d3 32. Rd7 Rxa2 33.
Rxd3 Kf7 34. Rd2 Ra7 35. g4 Kg6 36. Bh4 h5 37. Rd6+ Kh7 38. gxh5 Ra5 39. Kg2
Rxh5 40. Bg3 Rf5 41. Re6 g6 42. Re5 Rf7 43. Kh3 Kh6 44. Kg4 Rf6 45. Re7 g5 46.
Re5 Rg6 47. Rd5 Rg8 48. Rd6+ Kh7 49. Be5 Re8 50. Bf6 Re2 51. Rd7+ Kg6 52. Rd6
Re4+ 53. Kg3 Kh6 54. Kh3 Re2 55. Bd8+ Kh5 56. Rd5 Re3+ 57. Kg2 Re2+ 58. Kg1 Kg4
59. Rxg5+ Kf3 60. Rg3+ Kf4 61. Bc7+ Kf5 62. h4 Re1+ 63. Kf2 Re8 64. Rg5+ Kf6
65. Kg3 Re3+ 66. Kg4 Re1 67. Bd8+ Kf7 68. Rf5+ Kg6 69. h5+ Kg7 70. Bc7 Rg1+ 71.
Bg3 Kh6 72. Rf6+ Kg7 73. Rg6+ Kh7 74. Kf4 Rh1 75. Kg5 Rg1 76. Kf6 Rh1 77. Kg5
Rh3 78. Bf2 Rh2 79. Be3 Rg2+ 80. Kf5 Ra2 81. Bf4 Rf2 82. Ke5 Re2+ 83. Kf6 Rf2
84. Rg7+ Kh8 85. Rg4 Kh7 86. h6 Rf1 87. Kf7 Kh8 88. Kg6 Re1 89. Bg5 Kg8 90. h7+
1-0

[Event "5. Open Memorial Pedro Lezcano 2012"]
[Site "Gran Canaria ESP"]
[Date "2012.04.07"]
[Round "8.41"]
[White "Barrera Martin, Nayra"]
[Black "Saad Addin Quintana, Samir N"]
[Result "0-1"]
[WhiteElo "1494"]
[BlackElo "1879"]
[PlyCount "74"]
[EventDate "2012.04.02"]
[EventType "swiss"]
[EventRounds "9"]
[EventCountry "ESP"]
[Source "lmi"]
[SourceDate "2012.04.02"]

1. f4 d5 2. Nf3 Nc6 3. e3 f6 4. d4 Bg4 5. Be2 Qd7 6. a4 e6 7. a5 a6 8. c3 Bd6
9. Nbd2 Nge7 10. O-O O-O 11. Qc2 e5 12. fxe5 fxe5 13. dxe5 Nxe5 14. e4 Kh8 15.
exd5 Bc5+ 16. Kh1 Qxd5 17. c4 Qe6 18. Ng5 Qg6 19. Qxg6 N7xg6 20. Ndf3 Rae8 21.
h3 Nxf3 22. Bxf3 Bxf3 23. Nxf3 Re2 24. b3 Nh4 25. Ba3 Bxa3 26. Nxh4 Rxf1+ 27.
Rxf1 Kg8 28. Nf5 Bb4 29. Nd4 Re4 30. Nf5 Bxa5 31. Rf3 c5 32. Nd6 Re1+ 33. Kh2
Bc7 34. Rd3 Re6 35. g3 Rxd6 36. Rxd6 Bxd6 37. Kg2 b5 0-1

[Event "5. Open Memorial Pedro Lezcano 2012"]
[Site "Gran Canaria ESP"]
[Date "2012.04.07"]
[Round "8.42"]
[White "Suarez Fleitas, Alberto"]
[Black "Monteiro Rodrigues, Carlos"]
[Result "1/2-1/2"]
[WhiteElo "1441"]
[BlackElo "1619"]
[PlyCount "40"]
[EventDate "2012.04.02"]
[EventType "swiss"]
[EventRounds "9"]
[EventCountry "ESP"]
[Source "lmi"]
[SourceDate "2012.04.02"]

1. e4 e5 2. Nf3 Nc6 3. d4 exd4 4. Nxd4 Bc5 5. Be3 Qf6 6. c3 Nge7 7. Qd2 O-O 8.
Nxc6 Qxc6 9. Bd3 d5 10. O-O dxe4 11. Bxe4 Qd6 12. Qxd6 Bxd6 13. Nd2 c5 14. Nb3
Bf5 15. Bxf5 Nxf5 16. Bxc5 Bxc5 17. Nxc5 b6 18. Ne4 Rfe8 19. Ng3 Nxg3 20. fxg3
Re2 1/2-1/2

[Event "5. Open Memorial Pedro Lezcano 2012"]
[Site "Gran Canaria ESP"]
[Date "2012.04.07"]
[Round "8.43"]
[White "Quevedo Sarmiento, Jacinto"]
[Black "Ramirez Maillo, Juan Adonay"]
[Result "0-1"]
[WhiteElo "2000"]
[BlackElo "1575"]
[PlyCount "110"]
[EventDate "2012.04.02"]
[EventType "swiss"]
[EventRounds "9"]
[EventCountry "ESP"]
[Source "lmi"]
[SourceDate "2012.04.02"]

1. d4 Nf6 2. c4 c5 3. d5 b5 4. cxb5 a6 5. f3 g6 6. e4 Bg7 7. Nc3 O-O 8. d6 e6
9. h4 Nh5 10. Bd2 Bf6 11. Bg5 Bxg5 12. hxg5 Qxg5 13. Qd2 Qxd2+ 14. Kxd2 Ng3 15.
Rh3 Nxf1+ 16. Rxf1 axb5 17. a3 b4 18. axb4 cxb4 19. Nd1 Ra6 20. e5 f6 21. exf6
Rxd6+ 22. Kc1 Rxf6 23. Ne3 Rf4 24. Ne2 Rf8 25. Rfh1 h5 26. g4 Rc6+ 27. Kb1 Rc5
28. Nd4 Bb7 29. Nec2 Nc6 30. Nb3 Rg5 31. gxh5 Rxh5 32. Rxh5 gxh5 33. Rxh5 Rxf3
34. Nc5 b3 35. Rh1 bxc2+ 36. Kxc2 Nb4+ 37. Kd2 Rf2+ 38. Ke1 Bxh1 39. Kxf2 Bc6
40. Ke3 Kf7 41. Kd4 Ke7 42. Kc4 Nd5 43. b4 Nc7 44. Kd4 d6 45. Nd3 Bb5 46. Nf2
e5+ 47. Ke3 d5 48. Ng4 d4+ 49. Kd2 Ke6 50. Nf2 Kd5 51. Ng4 e4 52. Nf6+ Ke5 53.
Ng4+ Kf4 54. Nf6 e3+ 55. Ke1 d3 0-1